000 00702nam a2200241Ia 4500
003 OSt
005 20220923214022.0
006 a|||||r|||| 00| 0
007 ta
008 220922b |||||||| |||| 00| 0 hin d
024 _a166,505
037 _cTextual
040 _aARTS
_cARTS
_bhin
041 _2hin
_ahin
082 _aO152,1N07x, K0;J2
100 _aवर्मा, महादेवी
_9156279
245 0 _aसान्ध्य गीत
246 _aSāndhya gīta
260 _c1952
650 _aहिन्दी साहित्य
_9156264
942 _hO152,1N07x, K0;J2
_cTEXL
_2CC
999 _c320984
_d320984